000 00667nam a22001697a 4500
999 _c60854
_d60854
005 20231110121329.0
008 231110s1978 ru ||||| |||| 00| 0 rus d
041 _arus
080 _a1(38)(092) Ш-92
100 _aШейнман-Топштейн, С.Я.
_920322
245 _aПлатон и ведийская философия /
_cС.Я. Шейнман-Топштейн.
264 _aМ.:
_bГлавная редакция восточной литературы издательства «Наука»,
_c1978.
300 _a199 стр.
_b20 см.
653 _aფილოსოფია
653 _aპლატონი
942 _2udc
_cᲬᲘᲒᲜᲘ